Evolución del comercio de América Latina con los países europeos del CAME.

História a vývoj zahranično-obchodnej výmeny medzi Latinskou Amerikou a bývalou RVHP. Vývoj a tempo rastu zahraničného obchodu v r. 1960-1980 a v r. 1980-1986. Tovarová štruktúra zahraničného obchodu krajín bývalej RVHP s Latinskou Amerikou v r. 1980-1985. Prekážky zahraničnej obchodnej výmeny, výhľ...

Ausführliche Beschreibung

Gespeichert in:
Bibliographische Detailangaben
1. Verfasser: Lerman Alperstein, A.
Format: Buchkapitel
Sprache:Spanisch
Schlagworte:
Tags: Tag hinzufügen
Keine Tags, Fügen Sie das erste Tag hinzu!

MARC

LEADER 00000naa a2200000 4500
001 r001396
005 20220818104516.9
041 0 |a spa 
044 |a MX 
245 1 0 |a Evolución del comercio de América Latina con los países europeos del CAME.  |c A. Lerman Alperstein 
520 |a História a vývoj zahranično-obchodnej výmeny medzi Latinskou Amerikou a bývalou RVHP. Vývoj a tempo rastu zahraničného obchodu v r. 1960-1980 a v r. 1980-1986. Tovarová štruktúra zahraničného obchodu krajín bývalej RVHP s Latinskou Amerikou v r. 1980-1985. Prekážky zahraničnej obchodnej výmeny, výhľady do budúcnosti. 
610 2 0 |a obchod zahraničný 
610 2 0 |a obchod výmenný 
610 2 0 |a Latinská Amerika 
610 2 0 |a RVHP 
610 2 0 |a Európa 
610 2 0 |a dejiny hospodárske 
610 2 0 |a štruktúra dovozu 
610 2 0 |a štruktúra vývozu 
610 2 0 |a 1960-1986 
610 2 0 |a údaje štatistické 
100 1 |a Lerman Alperstein, A.